|
|
|
|
| LEADER |
00632nam a22001931a 4500 |
| 020 |
|
|
|a 81-85094-52-9
|c 0.00
|
| 040 |
|
|
|a SSUS - Library - Kalady
|
| 082 |
|
|
|a 934
|b APU/I
|
| 100 |
|
|
|a Apurba Chandra Barthakuria
|
| 245 |
|
|
|a India in the age of the pancatantra
|h [Text]
|
| 260 |
|
|
|a Calcutta
|b Punthi Pustak
|c 1992
|
| 300 |
|
|
|a 223p.
|
| 600 |
|
|
|a History India Ancient
|
| 600 |
|
|
|a History
|
| 600 |
|
|
|a History India
|
| 852 |
|
|
|h 934
|i APU/I
|p 052411
|9 300.00
|t 0
|
| 942 |
|
|
|c BK
|
| 999 |
|
|
|c 19413
|d 19413
|
| 952 |
|
|
|0 0
|1 0
|4 0
|6 934_000000000000000_APU_I
|7 0
|9 27344
|a SSUS
|b SSUS
|d 2015-01-08
|g 300.00
|o 934 APU/I
|p 052411
|r 2015-01-08
|v 0.00
|w 2015-01-08
|y BK
|